000 00485cam a22001934a 4500
005 20250605164322.0
008 250528s ||||||||||||||||||||||||d
035 _a22945
020 _a9780415054249
040 _aGR-AtMCL
_bgre
_dGR-AtMCL
_eAACR2
245 1 _aRECREATIONAL TOURISM A SOCIAL SCIENCE PERSPECTIVE
250 _a1
260 _bThomson Business Press,
_c1991
300 _a227
700 1 _aRyan Chris
_93477
942 _cBK
999 _c7987
_d7987